Musée de la Renaissance (Record no. 160434)

MARC details
000 -LEADER
campo de control de longitud fija 00647nam a22001815i 4500
001 - NÚMERO DE CONTROL
campo de control 160434
003 - IDENTIFICADOR DE NÚMERO DE CONTROL
campo de control ES-MaACL
005 - FECHA Y HORA DE LA ÚLTIMA TRANSACCIÓN
campo de control 20230906212032.0
008 - DATOS DE LONGITUD FIJA--INFORMACIÓN GENERAL
campo de control de longitud fija 000808s1863 fr |||| | fre d
040 ## - FUENTE DE CATALOGACIÓN
Centro catalogador/agencia de origen CCPB | B
Lengua de catalogación spa
Centro/agencia transcriptor CCPB | B
110 2# - ENTRADA PRINCIPAL--NOMBRE DE ENTIDAD CORPORATIVA
Nombre de entidad corporativa o nombre de jurisdicción como elemento de entrada Musée de la Renaissance (París)
9 (RLIN) 134709
245 10 - MENCIÓN DEL TÍTULO
Título Musée de la Renaissance
Resto del título : notice des Ivoires /
Mención de responsabilidad, etc. par A. Sauzay.
260 ## - PUBLICACIÓN, DISTRIBUCIÓN, ETC.
Lugar de publicación, distribución, etc. Paris :
Nombre del editor, distribuidor, etc. Charles de Mourgues Frères,
Fecha de publicación, distribución, etc. 1863.
300 ## - DESCRIPCIÓN FÍSICA
Extensión 57 p. ;
Dimensiones 17 cm.
700 11 - ENTRADA AGREGADA--NOMBRE PERSONAL
Nombre de persona Sauzay, A.,
Término indicativo de función/relación
9 (RLIN) 132512
752 ## - ENTRADA AGREGADA--NOMBRE JERÁRQUICO DEL LUGAR
País o entidad superior Francia -
Ciudad París
852 ## - LOCALIZACIÓN
Ubicación ES-MaACL
Número de control de estantería D-1790
Nota libre -- Enc. hol.
Encuadernación -- Edic.: "Musee de la Renaissance, Serie A" es la serie
Holdings
Estatus retirado Estado de pérdida Estado de daño No para préstamo Colección Biblioteca de origen Biblioteca actual Ubicación en estantería Fecha de adquisición Fuente de adquisición Total de préstamos Signatura topográfica completa Código de barras Visto por última vez Precio de reemplazo Tipo de ítem Koha
        Libros del s. XIX Biblioteca del Ateneo de Madrid Biblioteca del Ateneo de Madrid Sala Valle Inclán 17/01/2008     D-1790 901167987 23/02/2023 23/02/2023 Libro impreso antiguo